000 00574nam a2200169Ia 4500
008 110201s9999 xx 000 0 und d
082 _bB8656
_aS 1510
100 _aडहाळे संजय
245 _aकिस्से रंगकर्मींचे
260 _bआमोद प्रकाशन
365 _b150
600 _aडहाळे संजय
630 _aकिस्से रंगकर्मींचे
700 _aडहाळे संजय
730 _aकिस्से रंगकर्मींचे
942 _cBOOK
999 _c834130
_d834127